| 000 | 01216naa a22003377a 4500 | ||
|---|---|---|---|
| 001 | BR9400578 | ||
| 003 | BR-BrBNA | ||
| 005 | 20240918180856.0 | ||
| 007 | ta | ||
| 008 | 230509b bl.||||| |||| 00| 0 por d | ||
| 040 |
_aBR-BrBNA _bpor _cBiblioteca Nacional de Agricultura |
||
| 041 | _a(Pt) | ||
| 072 |
_aP35 _b1954 |
||
| 090 | _aP35 BR9400578 | ||
| 100 | 1 | _aCarvalho, L.J.C.B. | |
| 100 | 1 | _aMosquim, P.R. | |
| 100 | 1 | _aRena, A.B. | |
| 111 | 1 |
_a6. Simposio sobre o Cerrado _cBrasilia, DF (Brazil) _d4-8 Oct 1982 |
|
| 245 | 1 | _aResposta ao aluminio e fosforo por plantas de Stylosanthes SW. coletadas em solos de cerrados com diferentes caracteristicas quimicas | |
| 260 | 3 |
_aPlanaltina, DF (Brasil): _c1988. |
|
| 500 | _a6. Simposio sobre o Cerrado - Savanas: alimento e energia Planaltina, DF (Brasil): 1988. p. 423-443 (BR9400578-AM)P35 | ||
| 650 | _aStilosante | ||
| 650 | _aAluminio | ||
| 650 | _aFosforo | ||
| 650 | _aNutricao Vegetal | ||
| 650 | _aFertilidade do Solo | ||
| 650 | _aCerrado | ||
| 773 | 0 |
_t6. Simposio sobre o Cerrado - Savanas: alimento e energia _wP35 BR9400578 _gPlanaltina, DF (Brasil), 1988. p. 423-443 |
|
| 909 |
_a202404 _bLucia _c55 _dLucia Elande |
||
| 942 |
_cAM _2AGRIS |
||
| 999 |
_c322434 _d322434 |
||